Manchester City 2019/20 Summer Transfers - Statistics

General Stats
  • This quiz has been taken 592 times
  • The average score is 4 of 9
Answer Stats
Signed From Player % Correct
Atletico Madrid Rodri
83%
Juventus Joao Cancelo
75%
Juventus Danilo
56%
Anderlecht Vincent Kompany
46%
Everton Fabian Delph
30%
PSV Eindhoven Angelino
22%
Colombus Crew Zack Steffen
19%
Derby County Scott Carson
18%
Girona Pedro Porro
8%
No matching quizzes found
Score Distribution
Percent of People with Each Score
Percentile by Number Answered
Your Score History
You have not taken this quiz